000 00530nam a2200145 a 4500
008 120416s1981 ||||||||||||||||| || u
050 _aHF 5635 Ess
100 _aHopwood, Anthony G
245 1 0 _aEssays in British accounting research
_cedited by Michael Bromwich
260 _aLondon
_bPitman
_c1981
300 _axvi, 348p.
350 _a0.00
700 _aBromwich, Michael
995 _D0.00
_FCBU-MAIN LIBRARY (Kitwe)
_H1
_I0.00
_UAVAILABLE
_ZAnnex Low-Usage Collection
999 _c42355
_d42355